000 01630nam a2200325 c 4500
999 _c169274
_d169274
003 BLK
005 20220225113542.0
008 180411b bul|||||r ||||||| ||bul||
010 _aKNG00177268000
020 _a978-954-392-244-4
040 _aBLK
041 _aBUL
_cBUL
072 7 _2bullib
_aН84
_xБългарска художествена литература Н
080 _aБългарска литература
_b821.163.2
_x-32
_z821.163.2-32
100 1 _aЛуков, Владимир Георгиев
_eпърви автор
_9382379
139 _aЛуков, Владимир Георгиев
_bЛ 86
245 1 0 _aМястото, откъдето започва безкраят
_bДостоверни разкази, мисли, сънища, фантазии и изследвания : Философия на цялостността и практика на оличностяването : Т. 1 -
_cВладимир Георгиев Луков.
_nТ. 2
_pКнига за (не)удачници
257 _aBGR
260 _c2012 -
_fСофия : Диджитъл Принт Експрес
300 _c20 см
380 _aX
653 _aразкази
659 _aН
760 1 _aЛуков, Владимир Георгиев
_dПропелер, 2014
_h504 с.
_tТ. 2 Книга за (не)удачници
852 _aЦб 266676
852 _aК 821.163.2/Л 86 В
856 4 _qpdf
856 4 _qpdf
942 _cKNG
_n0
_s1
944 _aCR
_c26.06.2015
_kВиолета_Тройчева
944 _aED
_c09.11.2015
_kНаталия_Медовщикова
999 _d169274